Desarrollo de políticas de Recursos humanos en salud /

Gespeichert in:
Bibliographische Detailangaben
1. Verfasser: Rodríguez, María Isabel
Körperschaften: FLACSO, OPS/OMS
Format: Text
Veröffentlicht: Santo Domingo: FLACSO. OPS/OMS
Tags: Tag hinzufügen
Keine Tags, Fügen Sie den ersten Tag hinzu!

MARC

LEADER 00000 a a2200000 04500
001 23122
003
040 |a CRAI/IIS  |c CRAI/IIS 
090 |a 159600  
100 |a Rodríguez, María Isabel  
110 |a FLACSO  
245 |a Desarrollo de políticas de Recursos humanos en salud /  |c FLACSO  
260 |a Santo Domingo:   |b FLACSO. OPS/OMS  
300 |a 23 p.  
710 |a OPS/OMS  
999 |c 7825  |d 7825